<?xml version="1.0" encoding="UTF-8"?><?xml-stylesheet type="text/xsl" href="static/style.xsl"?><OAI-PMH xmlns="http://www.openarchives.org/OAI/2.0/" xmlns:xsi="http://www.w3.org/2001/XMLSchema-instance" xsi:schemaLocation="http://www.openarchives.org/OAI/2.0/ http://www.openarchives.org/OAI/2.0/OAI-PMH.xsd"><responseDate>2026-04-30T05:17:13Z</responseDate><request verb="GetRecord" identifier="oai:uvadoc.uva.es:10324/75256" metadataPrefix="marc">https://uvadoc.uva.es/oai/request</request><GetRecord><record><header><identifier>oai:uvadoc.uva.es:10324/75256</identifier><datestamp>2025-05-16T19:01:09Z</datestamp><setSpec>com_10324_971</setSpec><setSpec>com_10324_931</setSpec><setSpec>com_10324_894</setSpec><setSpec>col_10324_972</setSpec></header><metadata><record xmlns="http://www.loc.gov/MARC21/slim" xmlns:doc="http://www.lyncode.com/xoai" xmlns:xsi="http://www.w3.org/2001/XMLSchema-instance" xmlns:dcterms="http://purl.org/dc/terms/" xsi:schemaLocation="http://www.loc.gov/MARC21/slim http://www.loc.gov/standards/marcxml/schema/MARC21slim.xsd">
<leader>00925njm 22002777a 4500</leader>
<datafield tag="042" ind1=" " ind2=" ">
<subfield code="a">dc</subfield>
</datafield>
<datafield tag="720" ind1=" " ind2=" ">
<subfield code="a">Ayuso Lanchares, Alba</subfield>
<subfield code="e">author</subfield>
</datafield>
<datafield tag="720" ind1=" " ind2=" ">
<subfield code="a">Ruiz Requies, Inés</subfield>
<subfield code="e">author</subfield>
</datafield>
<datafield tag="720" ind1=" " ind2=" ">
<subfield code="a">Santiago Pardo, Rosa Belén</subfield>
<subfield code="e">author</subfield>
</datafield>
<datafield tag="260" ind1=" " ind2=" ">
<subfield code="c">2025</subfield>
</datafield>
<datafield tag="520" ind1=" " ind2=" ">
<subfield code="a">In recent years, family counseling programs have grown significantly. Therefore, this study aims to evaluate the effectiveness of a counseling program designed for Late Talkers (LT) or children with Development Language Disorder (DLD) aged 3 to 6. It also seeks to analyze the differences between its implementation in virtual and in-person settings and to gather the opinions of speech therapists and families about the program. A quasi-experimental pretest-posttest design was employed with two groups, each consisting of 17 children, totaling 34 children:  one in an in-person setting and the other in a virtual setting. The results reveal significant differences in both approaches, with no relevant disparities between them. The conclusions highlight the program's effectiveness, with benefits in all dimensions. In the in-person modality, proximity to families is emphasized as a primary advantage. In contrast, the virtual modality offers flexibility in terms of intervention schedules and locations but presents technological challenges. Overall, this study supports the effectiveness of both counseling modalities.</subfield>
</datafield>
<datafield tag="024" ind2=" " ind1="8">
<subfield code="a">Research in Developmental Disabilities, 2025, vol. 158, 104945</subfield>
</datafield>
<datafield tag="024" ind2=" " ind1="8">
<subfield code="a">0891-4222</subfield>
</datafield>
<datafield tag="024" ind2=" " ind1="8">
<subfield code="a">https://uvadoc.uva.es/handle/10324/75256</subfield>
</datafield>
<datafield tag="024" ind2=" " ind1="8">
<subfield code="a">10.1016/j.ridd.2025.104945</subfield>
</datafield>
<datafield tag="024" ind2=" " ind1="8">
<subfield code="a">104945</subfield>
</datafield>
<datafield tag="024" ind2=" " ind1="8">
<subfield code="a">158</subfield>
</datafield>
<datafield tag="024" ind2=" " ind1="8">
<subfield code="a">Research in Developmental Disabilities</subfield>
</datafield>
<datafield tag="024" ind2=" " ind1="8">
<subfield code="a">158</subfield>
</datafield>
<datafield tag="245" ind1="0" ind2="0">
<subfield code="a">Assessing childhood impact: Virtual and in-person counseling for children's language development challenges</subfield>
</datafield>
</record></metadata></record></GetRecord></OAI-PMH>